[Event "Silkway Cup"]
[Site "T#646345FIDE"]
[Date "2020.05.28"]
[Round "12"]
[White "Gb_23"]
[Black "Meri-Arabidze"]
[Result "0-1"]
[WhiteElo "1723"]
[BlackElo "1718"]
[Annotator "NA"]
[PlyCount "68"]
[EventDate "2020.05.28"]
[EventType "swiss (blitz)"]

1. c4 {[%emt 0:00:02]} e6 {[%emt 0:00:02]} 2. Nf3 {[%emt 0:00:01]} d5 {[%emt 0:00:01]} 3. g3 {[%emt 0:00:01]} Nf6 {[%emt 0:00:01]} 4. Bg2 {[%emt 0:00:01]} dxc4 {[%emt 0:00:01]} 5. Qa4+ {[%emt 0:00:01]} Nbd7 {[%emt 0:00:01]} 6. Qxc4 {[%emt 0:00:01]} c5 {[%emt 0:00:01]} 7. O-O {[%emt 0:00:06]} b6 {[%emt 0:00:02]} 8. Nc3 {[%emt 0:00:03]} Bb7 {[%emt 0:00:02]} 9. d3 {[%emt 0:00:14]} Be7 {[%emt 0:00:02]} 10. Rd1 {[%emt 0:00:06]} O-O {[%emt 0:00:02]} 11. Qa4 {[%emt 0:00:03]} a6 {[%emt 0:00:02]} 12. Qb3 {[%emt 0:00:06]} b5 {[%emt 0:00:07]} 13. a4 {[%emt 0:00:06]} b4 {[%emt 0:00:02]} 14. Nb1 {[%emt 0:00:01]} Bd5 {[%emt 0:00:07]} 15. Qc2 {[%emt 0:00:01]} Nb8 {[%emt 0:00:17]} 16. Nbd2 {[%emt 0:00:06]} a5 {[%emt 0:00:11]} 17. b3 {[%emt 0:00:09]} Bb7 {[%emt 0:00:16]} 18. Bb2 {[%emt 0:00:09]} Nc6 {[%emt 0:00:02]} 19. e3 {[%emt 0:00:14]} Nd5 {[%emt 0:00:05]} 20. Nc4 {[%emt 0:00:20]} Rc8 {[%emt 0:00:03]} 21. Rac1 {[%emt 0:00:24]} Qc7 {[%emt 0:00:03]} 22. Nfe5 {[%emt 0:00:05]} Bf6 {[%emt 0:00:25]} 23. Nxc6 {[%emt 0:00:30]} Bxc6 {[%emt 0:00:12]} 24. Bxf6 {[%emt 0:00:05]} gxf6 {[%emt 0:00:02]} 25. d4 {[%emt 0:00:17]} Nc3 {[%emt 0:00:08]} 26. Rd2 {[%emt 0:00:01]} Bxg2 {[%emt 0:00:02]} 27. Kxg2 {[%emt 0:00:01]} Rfd8 {[%emt 0:00:14]} 28. dxc5 {[%emt 0:00:10]} Qxc5 {[%emt 0:00:02]} 29. Re1 {[%emt 0:00:22]} f5 {[%emt 0:00:07]} 30. e4 {[%emt 0:00:01]} Nxe4 {[%emt 0:00:05]} 31. Rxd8+ {[%emt 0:00:02]} Rxd8 {[%emt 0:00:00]} 32. Qe2 {[%emt 0:00:07]} Rd5 {[%emt 0:00:09]} 33. f3 {[%emt 0:00:01]} Nc3 {[%emt 0:00:02]} 34. Kh3 {[%emt 0:00:01]} Nxe2 {[%emt 0:00:01] Gb_23 resigns (Lag: Av=1.55s, max=2.6s)} 0-1

[Event "Silkway Cup"]
[Site "T#646345FIDE"]
[Date "2020.05.28"]
[Round "12"]
[White "Nara_Kh"]
[Black "Sandrika"]
[Result "1-0"]
[WhiteElo "1686"]
[BlackElo "1672"]
[Annotator "NA"]
[PlyCount "85"]
[EventDate "2020.05.28"]
[EventType "swiss (blitz)"]

1. e4 {[%emt 0:00:02]} c5 {[%emt 0:00:02]} 2. Be2 {[%emt 0:00:01]} Nc6 {[%emt 0:00:02]} 3. f4 {[%emt 0:00:01]} e6 {[%emt 0:00:07]} 4. Nf3 {[%emt 0:00:02]} d5 {[%emt 0:00:01]} 5. d3 {[%emt 0:00:01]} dxe4 {[%emt 0:00:04]} 6. dxe4 {[%emt 0:00:01]} Qxd1+ {[%emt 0:00:00]} 7. Bxd1 {[%emt 0:00:01]} Nf6 {[%emt 0:00:08]} 8. e5 {[%emt 0:00:49]} Nd5 {[%emt 0:00:02]} 9. c3 {[%emt 0:00:02]} b6 {[%emt 0:00:03]} 10. Na3 {[%emt 0:00:06]} Ba6 {[%emt 0:00:02]} 11. Be2 {[%emt 0:00:01]} Bxe2 {[%emt 0:00:06]} 12. Kxe2 {[%emt 0:00:01]} f6 {[%emt 0:00:09]} 13. Bd2 {[%emt 0:00:42]} Be7 {[%emt 0:00:03]} 14. c4 {[%emt 0:00:05]} Ndb4 {[%emt 0:00:14]} 15. Bc3 {[%emt 0:00:01]} a6 {[%emt 0:00:14]} 16. Rhc1 {[%emt 0:00:43]} Rd8 {[%emt 0:00:04]} 17. g3 {[%emt 0:00:04]} O-O {[%emt 0:00:13]} 18. Nc2 {[%emt 0:00:07]} fxe5 {[%emt 0:00:16]} 19. fxe5 {[%emt 0:00:19]} Nxc2 {[%emt 0:00:41]} 20. Rxc2 {[%emt 0:00:00]} g5 {[%emt 0:00:11]} 21. Rf1 {[%emt 0:00:14]} g4 {[%emt 0:00:08]} 22. Ne1 {[%emt 0:00:04]} Rxf1 {[%emt 0:00:03]} 23. Kxf1 {[%emt 0:00:01]} Kf7 {[%emt 0:00:07]} 24. Rf2+ {[%emt 0:00:04]} Kg6 {[%emt 0:00:05]} 25. Ng2 {[%emt 0:00:01]} Bg5 {[%emt 0:00:01]} 26. Nf4+ {[%emt 0:00:02]} Bxf4 {[%emt 0:00:02]} 27. Rxf4 {[%emt 0:00:01]} Kg5 {[%emt 0:00:13]} 28. Rf6 {[%emt 0:00:03]} Rd1+ {[%emt 0:00:14]} 29. Ke2 {[%emt 0:00:01]} Rd7 {[%emt 0:00:13]} 30. Bd2+ {[%emt 0:00:02]} Rxd2+ {[%emt 0:00:02]} 31. Kxd2 {[%emt 0:00:00]} Nxe5 {[%emt 0:00:01]} 32. Rxe6 {[%emt 0:00:01]} Nf3+ {[%emt 0:00:01]} 33. Ke3 {[%emt 0:00:02]} Nxh2 {[%emt 0:00:01]} 34. Rxb6 {[%emt 0:00:01]} h5 {[%emt 0:00:02]} 35. Rc6 {[%emt 0:00:02]} Nf1+ {[%emt 0:00:05]} 36. Kf2 {[%emt 0:00:02]} Nd2 {[%emt 0:00:01]} 37. Rxc5+ {[%emt 0:00:01]} Kg6 {[%emt 0:00:00]} 38. Ke3 {[%emt 0:00:09]} h4 {[%emt 0:00:05]} 39. gxh4 {[%emt 0:00:04]} Nf3 {[%emt 0:00:03]} 40. Kf4 {[%emt 0:00:03]} Nxh4 {[%emt 0:00:02]} 41. Kxg4 {[%emt 0:00:01]} Ng2 {[%emt 0:00:04]} 42. Re5 {[%emt 0:00:03]} a5 {[%emt 0:00:02]} 43. Re2 {[%emt 0:00:01] Sandrika resigns (Lag: Av=0.48s, max=1.2s)} 1-0

[Event "Silkway Cup"]
[Site "T#646345FIDE"]
[Date "2020.05.28"]
[Round "12"]
[White "S-melia"]
[Black "Skoffee"]
[Result "1/2-1/2"]
[WhiteElo "1676"]
[BlackElo "1768"]
[Annotator "NA"]
[PlyCount "97"]
[EventDate "2020.05.28"]
[EventType "swiss (blitz)"]

1. e4 {[%emt 0:00:02]} c5 {[%emt 0:00:05]} 2. Nf3 {[%emt 0:00:01]} e6 {[%emt 0:00:02]} 3. d4 {[%emt 0:00:01]} cxd4 {[%emt 0:00:01]} 4. Nxd4 {[%emt 0:00:00]} a6 {[%emt 0:00:00]} 5. c4 {[%emt 0:00:02]} Qc7 {[%emt 0:00:03]} 6. Nc3 {[%emt 0:00:04]} Nf6 {[%emt 0:00:01]} 7. Bd3 {[%emt 0:00:04]} Bb4 {[%emt 0:00:01]} 8. O-O {[%emt 0:00:04]} O-O {[%emt 0:00:03]} 9. Qe2 {[%emt 0:00:05]} Nc6 {[%emt 0:00:05]} 10. Nxc6 {[%emt 0:00:08]} dxc6 {[%emt 0:00:01]} 11. e5 {[%emt 0:00:02]} Nd7 {[%emt 0:00:01]} 12. Qe4 {[%emt 0:00:08]} g6 {[%emt 0:00:14]} 13. Bh6 {[%emt 0:00:23]} Re8 {[%emt 0:00:05]} 14. Rae1 {[%emt 0:00:09]} Bxc3 {[%emt 0:00:35]} 15. bxc3 {[%emt 0:00:02]} b5 {[%emt 0:00:14]} 16. Re3 {[%emt 0:00:02]} Bb7 {[%emt 0:00:09]} 17. Qf4 {[%emt 0:00:16]} bxc4 {[%emt 0:00:24]} 18. Bxc4 {[%emt 0:00:03]} c5 {[%emt 0:00:01]} 19. Rd3 {[%emt 0:00:14]} Bd5 {[%emt 0:00:28]} 20. Bxd5 {[%emt 0:00:15]} exd5 {[%emt 0:00:01]} 21. Rxd5 {[%emt 0:00:00]} Re6 {[%emt 0:00:13]} 22. Rd6 {[%emt 0:00:30]} Rae8 {[%emt 0:00:22]} 23. h3 {[%emt 0:00:29]} Nxe5 {[%emt 0:00:04]} 24. Rxe6 {[%emt 0:00:05]} Rxe6 {[%emt 0:00:01]} 25. Rd1 {[%emt 0:00:09]} f6 {[%emt 0:00:07]} 26. Qe4 {[%emt 0:00:06]} Kf7 {[%emt 0:00:09]} 27. Bf4 {[%emt 0:00:06]} h5 {[%emt 0:00:03]} 28. Qa4 {[%emt 0:00:03]} Qc6 {[%emt 0:00:02]} 29. Qa5 {[%emt 0:00:04]} g5 {[%emt 0:00:01]} 30. Be3 {[%emt 0:00:05]} Nc4 {[%emt 0:00:02]} 31. Qd8 {[%emt 0:00:04]} Nxe3 {[%emt 0:00:02]} 32. Rd7+ {[%emt 0:00:06]} Kg6 {[%emt 0:00:01]} 33. fxe3 {[%emt 0:00:06]} Kf5 {[%emt 0:00:03]} 34. Rd1 {[%emt 0:00:05]} c4 {[%emt 0:00:05]} 35. Qd2 {[%emt 0:00:03]} Qe4 {[%emt 0:00:02]} 36. Rf1+ {[%emt 0:00:02]} Kg6 {[%emt 0:00:01]} 37. Rf3 {[%emt 0:00:02]} g4 {[%emt 0:00:01]} 38. hxg4 {[%emt 0:00:02]} hxg4 {[%emt 0:00:00]} 39. Rg3 {[%emt 0:00:01]} f5 {[%emt 0:00:01]} 40. Qd8 {[%emt 0:00:02]} Qb1+ {[%emt 0:00:01]} 41. Kh2 {[%emt 0:00:02]} Kf7 {[%emt 0:00:01]} 42. Qd7+ {[%emt 0:00:01]} Kf6 {[%emt 0:00:01]} 43. Qd8+ {[%emt 0:00:01]} Re7 {[%emt 0:00:01]} 44. Qd6+ {[%emt 0:00:03]} Kf7 {[%emt 0:00:01]} 45. Qd5+ {[%emt 0:00:01]} Kf6 {[%emt 0:00:02]} 46. Qd6+ {[%emt 0:00:02]} Re6 {[%emt 0:00:01]} 47. Qd8+ {[%emt 0:00:01]} Kf7 {[%emt 0:00:02]} 48. Qd7+ {[%emt 0:00:01]} Kf6 {[%emt 0:00:01]} 49. Qd8+ {[%emt 0:00:01] (Lag: Av=0.28s, max=0.5s)} 1/2-1/2

[Event "Silkway Cup"]
[Site "T#646345FIDE"]
[Date "2020.05.28"]
[Round "12"]
[White "Ninullia"]
[Black "Moonlightbae"]
[Result "1/2-1/2"]
[WhiteElo "1664"]
[BlackElo "1518"]
[Annotator "NA"]
[PlyCount "113"]
[EventDate "2020.05.28"]
[EventType "swiss (blitz)"]

1. d4 {[%emt 0:00:02]} d5 {[%emt 0:00:01]} 2. Nf3 {[%emt 0:00:04]} c6 {[%emt 0:00:02]} 3. c4 {[%emt 0:00:02]} dxc4 {[%emt 0:00:04]} 4. a4 {[%emt 0:00:04]} Nf6 {[%emt 0:00:03]} 5. e3 {[%emt 0:00:04]} Bg4 {[%emt 0:00:01]} 6. Bxc4 {[%emt 0:00:01]} e6 {[%emt 0:00:01]} 7. O-O {[%emt 0:00:01]} Nbd7 {[%emt 0:00:03]} 8. Nbd2 {[%emt 0:00:01]} Bd6 {[%emt 0:00:02]} 9. e4 {[%emt 0:00:12]} Bc7 {[%emt 0:00:02]} 10. e5 {[%emt 0:00:05]} Nd5 {[%emt 0:00:03]} 11. h3 {[%emt 0:00:05]} Bh5 {[%emt 0:00:03]} 12. Ne4 {[%emt 0:00:06]} O-O {[%emt 0:00:07]} 13. Ng3 {[%emt 0:00:06]} Bg6 {[%emt 0:00:03]} 14. h4 {[%emt 0:00:04]} h6 {[%emt 0:00:05]} 15. Bd3 {[%emt 0:00:24]} Bxd3 {[%emt 0:00:13]} 16. Qxd3 {[%emt 0:00:00]} c5 {[%emt 0:00:01]} 17. dxc5 {[%emt 0:00:24]} Nxe5 {[%emt 0:00:14]} 18. Nxe5 {[%emt 0:00:02]} Bxe5 {[%emt 0:00:01]} 19. Re1 {[%emt 0:00:24]} Bc7 {[%emt 0:00:11]} 20. Qf3 {[%emt 0:00:15]} Qxh4 {[%emt 0:00:08]} 21. Re4 {[%emt 0:00:10]} Qf6 {[%emt 0:00:02]} 22. Qxf6 {[%emt 0:00:17]} Nxf6 {[%emt 0:00:02]} 23. Rb4 {[%emt 0:00:01]} Rad8 {[%emt 0:00:16]} 24. Bf4 {[%emt 0:00:16]} Nd5 {[%emt 0:00:19]} 25. Bxc7 {[%emt 0:00:02]} Nxb4 {[%emt 0:00:02]} 26. Bxd8 {[%emt 0:00:01]} Rxd8 {[%emt 0:00:01]} 27. Ne4 {[%emt 0:00:01]} Rd5 {[%emt 0:00:23]} 28. Rc1 {[%emt 0:00:15]} Nd3 {[%emt 0:00:05]} 29. Rd1 {[%emt 0:00:12]} Nxb2 {[%emt 0:00:17]} 30. Rb1 {[%emt 0:00:15]} Nxa4 {[%emt 0:00:01]} 31. Rxb7 {[%emt 0:00:02]} Nxc5 {[%emt 0:00:04]} 32. Nxc5 {[%emt 0:00:02]} Rxc5 {[%emt 0:00:01]} 33. Rxa7 {[%emt 0:00:00]} Rf5 {[%emt 0:00:06]} 34. g3 {[%emt 0:00:02]} Kh7 {[%emt 0:00:01]} 35. Kg2 {[%emt 0:00:01]} Kg6 {[%emt 0:00:01]} 36. Rb7 {[%emt 0:00:01]} Ra5 {[%emt 0:00:03]} 37. Rc7 {[%emt 0:00:01]} Ra3 {[%emt 0:00:04]} 38. Rb7 {[%emt 0:00:02]} h5 {[%emt 0:00:13]} 39. Rc7 {[%emt 0:00:02]} Kf6 {[%emt 0:00:07]} 40. Rb7 {[%emt 0:00:02]} g5 {[%emt 0:00:01]} 41. Rc7 {[%emt 0:00:01]} Kg6 {[%emt 0:00:01]} 42. Rb7 {[%emt 0:00:01]} f5 {[%emt 0:00:05]} 43. Re7 {[%emt 0:00:01]} Kf6 {[%emt 0:00:02]} 44. Rh7 {[%emt 0:00:01]} Kg6 {[%emt 0:00:04]} 45. Re7 {[%emt 0:00:01]} Ra6 {[%emt 0:00:02]} 46. Rb7 {[%emt 0:00:01]} Rd6 {[%emt 0:00:07]} 47. Rb8 {[%emt 0:00:01]} h4 {[%emt 0:00:05]} 48. gxh4 {[%emt 0:00:02]} gxh4 {[%emt 0:00:01]} 49. Rh8 {[%emt 0:00:07]} Rd4 {[%emt 0:00:03]} 50. Re8 {[%emt 0:00:02]} Kf6 {[%emt 0:00:01]} 51. Rf8+ {[%emt 0:00:01]} Ke5 {[%emt 0:00:01]} 52. Re8 {[%emt 0:00:02]} Rg4+ {[%emt 0:00:03]} 53. Kf3 {[%emt 0:00:03]} Kd5 {[%emt 0:00:11]} 54. Rd8+ {[%emt 0:00:01]} Ke5 {[%emt 0:00:01]} 55. Re8 {[%emt 0:00:01]} Rf4+ {[%emt 0:00:02]} 56. Kg2 {[%emt 0:00:02]} Rg4+ {[%emt 0:00:01]} 57. Kf3 {[%emt 0:00:01] (Lag: Av=1.11s, max=4.6s)} 1/2-1/2

[Event "Silkway Cup"]
[Site "T#646345FIDE"]
[Date "2020.05.28"]
[Round "12"]
[White "Ati1517"]
[Black "AbdullaKh"]
[Result "1-0"]
[WhiteElo "1558"]
[BlackElo "1504"]
[Annotator "NA"]
[PlyCount "81"]
[EventDate "2020.05.28"]
[EventType "swiss (blitz)"]

1. d4 {[%emt 0:00:03]} Nf6 {[%emt 0:00:02]} 2. c4 {[%emt 0:00:08]} e5 {[%emt 0:00:04]} 3. dxe5 {[%emt 0:00:03]} Ng4 {[%emt 0:00:03]} 4. Nf3 {[%emt 0:00:06]} Bc5 {[%emt 0:00:03]} 5. e3 {[%emt 0:00:03]} Nc6 {[%emt 0:00:03]} 6. Nc3 {[%emt 0:00:04]} Ngxe5 {[%emt 0:00:04]} 7. Nxe5 {[%emt 0:00:03]} Nxe5 {[%emt 0:00:00]} 8. Be2 {[%emt 0:00:00]} d6 {[%emt 0:00:04]} 9. O-O {[%emt 0:00:03]} O-O {[%emt 0:00:03]} 10. a3 {[%emt 0:00:01]} a5 {[%emt 0:00:01]} 11. e4 {[%emt 0:00:07]} Be6 {[%emt 0:00:15]} 12. Nd5 {[%emt 0:00:04]} c6 {[%emt 0:00:08]} 13. Ne3 {[%emt 0:00:01]} Bxe3 {[%emt 0:00:04]} 14. Bxe3 {[%emt 0:00:01]} Bxc4 {[%emt 0:00:06]} 15. Re1 {[%emt 0:00:02]} Bxe2 {[%emt 0:00:03]} 16. Qxe2 {[%emt 0:00:02]} Re8 {[%emt 0:00:07]} 17. Rad1 {[%emt 0:00:02]} Qe7 {[%emt 0:00:05]} 18. h3 {[%emt 0:00:07]} Ng6 {[%emt 0:00:05]} 19. f3 {[%emt 0:00:07]} Qe6 {[%emt 0:00:29]} 20. Qd2 {[%emt 0:00:06]} Qb3 {[%emt 0:00:18]} 21. Qxd6 {[%emt 0:00:06]} Qxb2 {[%emt 0:00:03]} 22. Rb1 {[%emt 0:00:13]} Qc3 {[%emt 0:00:13]} 23. Bd2 {[%emt 0:00:10]} Qc2 {[%emt 0:00:09]} 24. Rec1 {[%emt 0:00:04]} Qa2 {[%emt 0:00:02]} 25. Be3 {[%emt 0:00:10]} Rad8 {[%emt 0:00:04]} 26. Qc5 {[%emt 0:00:02]} Rd3 {[%emt 0:00:23]} 27. Rxb7 {[%emt 0:00:17]} h6 {[%emt 0:00:28]} 28. Qxc6 {[%emt 0:00:12]} Red8 {[%emt 0:00:01]} 29. Qb6 {[%emt 0:00:17]} Qxa3 {[%emt 0:00:08]} 30. Re1 {[%emt 0:00:06]} R3d6 {[%emt 0:00:06]} 31. Qa7 {[%emt 0:00:06]} Rd1 {[%emt 0:00:02]} 32. Rxd1 {[%emt 0:00:09]} Rxd1+ {[%emt 0:00:00]} 33. Kh2 {[%emt 0:00:01]} Qd6+ {[%emt 0:00:01]} 34. f4 {[%emt 0:00:03]} Nh4 {[%emt 0:00:14]} 35. Qb8+ {[%emt 0:00:10]} Qxb8 {[%emt 0:00:02]} 36. Rxb8+ {[%emt 0:00:00]} Kh7 {[%emt 0:00:00]} 37. f5 {[%emt 0:00:03]} Ra1 {[%emt 0:00:02]} 38. Bf2 {[%emt 0:00:06]} g5 {[%emt 0:00:06]} 39. Bd4 {[%emt 0:00:02]} Ng6 {[%emt 0:00:00]} 40. fxg6+ {[%emt 0:00:02]} Kxg6 {[%emt 0:00:01]} 41. Bxa1 {[%emt 0:00:02] AbdullaKh resigns (Lag: Av=0.68s, max=1.8s)} 1-0

[Event "Silkway Cup"]
[Site "T#646345FIDE"]
[Date "2020.05.28"]
[Round "12"]
[White "Niadongh"]
[Black "Powerstrong"]
[Result "1-0"]
[WhiteElo "1486"]
[BlackElo "1762"]
[Annotator "NA"]
[PlyCount "67"]
[EventDate "2020.05.28"]
[EventType "swiss (blitz)"]

1. c4 {[%emt 0:00:02]} Nf6 {[%emt 0:00:03]} 2. Nc3 {[%emt 0:00:04]} d6 {[%emt 0:00:14]} 3. d4 {[%emt 0:00:03]} g6 {[%emt 0:00:01]} 4. e4 {[%emt 0:00:01]} Bg7 {[%emt 0:00:00]} 5. f3 {[%emt 0:00:01]} O-O {[%emt 0:00:03]} 6. Be3 {[%emt 0:00:00]} a6 {[%emt 0:00:05]} 7. Qd2 {[%emt 0:00:01]} e5 {[%emt 0:00:03]} 8. d5 {[%emt 0:00:02]} Nh5 {[%emt 0:00:16]} 9. O-O-O {[%emt 0:00:03]} f5 {[%emt 0:00:24]} 10. exf5 {[%emt 0:00:03]} gxf5 {[%emt 0:00:01]} 11. Bg5 {[%emt 0:00:05]} Qe8 {[%emt 0:00:03]} 12. Nge2 {[%emt 0:00:34]} Qg6 {[%emt 0:00:06]} 13. g4 {[%emt 0:00:10]} fxg4 {[%emt 0:00:06]} 14. fxg4 {[%emt 0:00:02]} Nf4 {[%emt 0:00:31]} 15. h4 {[%emt 0:00:22]} Bxg4 {[%emt 0:00:38]} 16. Rg1 {[%emt 0:00:20]} Bxe2 {[%emt 0:00:01]} 17. Bxe2 {[%emt 0:00:11]} Nxe2+ {[%emt 0:00:26]} 18. Nxe2 {[%emt 0:00:13]} Nd7 {[%emt 0:00:17]} 19. Bh6 {[%emt 0:00:11]} Qe4 {[%emt 0:00:15]} 20. Bxg7 {[%emt 0:00:06]} Rf2 {[%emt 0:00:02]} 21. Bh6+ {[%emt 0:00:08]} Kh8 {[%emt 0:00:01]} 22. Bg7+ {[%emt 0:00:03]} Kg8 {[%emt 0:00:01]} 23. Bxe5+ {[%emt 0:00:01]} Kf8 {[%emt 0:00:02]} 24. Bg7+ {[%emt 0:00:01]} Kg8 {[%emt 0:00:01]} 25. Bc3+ {[%emt 0:00:04]} Kf8 {[%emt 0:00:02]} 26. Qh6+ {[%emt 0:00:02]} Ke8 {[%emt 0:00:01]} 27. Rg8+ {[%emt 0:00:03]} Ke7 {[%emt 0:00:02]} 28. Qg5+ {[%emt 0:00:03]} Nf6 {[%emt 0:00:02]} 29. Bxf6+ {[%emt 0:00:03]} Rxf6 {[%emt 0:00:02]} 30. Rg7+ {[%emt 0:00:13]} Ke8 {[%emt 0:00:02]} 31. Qxf6 {[%emt 0:00:04]} Qxc4+ {[%emt 0:00:06]} 32. Nc3 {[%emt 0:00:03]} Qe4 {[%emt 0:00:00]} 33. Qf7+ {[%emt 0:00:02]} Kd8 {[%emt 0:00:02]} 34. Qd7# {[%emt 0:00:00] (Lag: Av=0.54s, max=5.5s)} 1-0

[Event "Silkway Cup"]
[Site "T#646345FIDE"]
[Date "2020.05.28"]
[Round "12"]
[White "Diana lomaia"]
[Black "elene tsotsonava"]
[Result "1-0"]
[WhiteElo "1457"]
[BlackElo "1708"]
[Annotator "NA"]
[PlyCount "63"]
[EventDate "2020.05.28"]
[EventType "swiss (blitz)"]

1. d4 {[%emt 0:00:02]} d5 {[%emt 0:00:01]} 2. c4 {[%emt 0:00:01]} dxc4 {[%emt 0:00:00]} 3. e4 {[%emt 0:00:01]} e5 {[%emt 0:00:03]} 4. Nf3 {[%emt 0:00:01]} exd4 {[%emt 0:00:02]} 5. Nxd4 {[%emt 0:00:09]} Bc5 {[%emt 0:00:12]} 6. Be3 {[%emt 0:00:06]} Nf6 {[%emt 0:00:02]} 7. Nc3 {[%emt 0:00:22]} Ng4 {[%emt 0:00:24]} 8. Nf5 {[%emt 0:00:07]} Qxd1+ {[%emt 0:00:41]} 9. Rxd1 {[%emt 0:00:04]} Nxe3 {[%emt 0:00:12]} 10. Nxe3 {[%emt 0:00:06]} Bxe3 {[%emt 0:00:04]} 11. fxe3 {[%emt 0:00:01]} Bg4 {[%emt 0:00:16]} 12. Rd2 {[%emt 0:00:05]} Nd7 {[%emt 0:00:20]} 13. Bxc4 {[%emt 0:00:15]} Ne5 {[%emt 0:00:13]} 14. Bb3 {[%emt 0:00:05]} O-O {[%emt 0:00:06]} 15. Kf2 {[%emt 0:00:03]} Be6 {[%emt 0:00:05]} 16. Nd5 {[%emt 0:00:07]} c6 {[%emt 0:00:06]} 17. Nc7 {[%emt 0:00:10]} Bxb3 {[%emt 0:00:15]} 18. Nxa8 {[%emt 0:00:04]} Bc4 {[%emt 0:00:10]} 19. Nc7 {[%emt 0:00:04]} f5 {[%emt 0:00:09]} 20. exf5 {[%emt 0:00:14]} Rxf5+ {[%emt 0:00:00]} 21. Kg3 {[%emt 0:00:01]} Kf7 {[%emt 0:00:09]} 22. Rc1 {[%emt 0:00:12]} Bd3 {[%emt 0:00:10]} 23. Rf2 {[%emt 0:00:27]} Rxf2 {[%emt 0:00:03]} 24. Kxf2 {[%emt 0:00:01]} Bf5 {[%emt 0:00:02]} 25. Kg3 {[%emt 0:00:08]} Ke7 {[%emt 0:00:01]} 26. Rf1 {[%emt 0:00:05]} Bg6 {[%emt 0:00:04]} 27. Rd1 {[%emt 0:00:16]} Bf5 {[%emt 0:00:02]} 28. Kf4 {[%emt 0:00:04]} Kf6 {[%emt 0:00:01]} 29. Ne8+ {[%emt 0:00:03]} Kg6 {[%emt 0:00:03]} 30. Kxe5 {[%emt 0:00:02]} Bc2 {[%emt 0:00:01]} 31. Rd7 {[%emt 0:00:02]} b5 {[%emt 0:00:03]} 32. Rxg7+ {[%emt 0:00:02] elene tsotsonava resigns (Lag: Av=1.14s, max=2.0s)} 1-0

[Event "Silkway Cup"]
[Site "T#646345FIDE"]
[Date "2020.05.28"]
[Round "13"]
[White "T-sanikidze"]
[Black "Gaguna"]
[Result "1/2-1/2"]
[WhiteElo "2707"]
[BlackElo "1973"]
[Annotator "TA"]
[PlyCount "81"]
[EventDate "2020.05.28"]
[EventType "swiss (blitz)"]

{[%evp 9,81,-22,-22,-25,-25,-28,-13,-28,-28,-29,-7,-16,-9,-15,-15,-20,0,0,0,0,0,-2,25,14,80,80,79,78,90,0,0,-65,-65,-68,-69,-66,-67,-88,-76,-97,-94,-94,-83,-78,-78,-172,-79,-193,-186,-489,-205,-213,-200,-219,-214,-236,-233,-214,-208,-309,-241,-223,0,-266,0,-214,-187,-212,-212,-222,0,-194,0,-221]} 1. d4 d5 2. c4 c6 3. Nf3 Nf6 4. Nc3 dxc4 5. e4 b5 $1 6. Be2 {D15: Slav Defence: 4 Nc3 a6 and gambit lines after 4 Nc3 dxc4.} e6 7. O-O Bb7 $1 {The main line 7...Bb7 scores better than 7...Be7.} 8. e5 Nd5 9. Ne4 $1 Be7 10. Bd2 Nd7 11. b3 cxb3 {[#]} 12. axb3 $146 ({Predecessor:} 12. Qxb3 O-O 13. Nfg5 a6 14. Qh3 h6 15. Bd3 c5 16. Nf3 c4 17. Bb1 Re8 18. Qg4 {0-1 (33) Ridings,P-Voss,A CServe email 1996}) 12... O-O 13. Ba5 Qb8 14. Qd2 b4 15. Rfc1 c5 16. Bb5 Nc3 (16... N5b6 $1 $11 {remains equal.} 17. Qe2 (17. dxc5 Bxe4 18. Bxd7 Rd8 $11) (17. Nxc5 Nxc5 18. dxc5 Bxf3 $15) 17... a6 18. Bxd7 Bxe4 19. Qxe4 Nxd7) 17. Nxc3 $16 bxc3 18. Qxc3 cxd4 19. Qxd4 ({Better is} 19. Nxd4 $16 Nb6 20. Nc6) 19... Nb6 $11 20. Bxb6 (20. Be2 $11) 20... axb6 $15 21. Rxa8 Bxa8 22. Be2 Rd8 23. Qf4 h6 24. h3 Bd5 25. Bc4 Bxf3 26. Qxf3 Qxe5 27. Qb7 (27. Rd1 $17 {might work better.}) 27... Bd6 (27... Bc5 $19 {and Black stays clearly on top. Strongly threatening ...Bxf2+!} 28. Rf1 Qf4) 28. g3 (28. Rd1 $17) 28... Bc5 $36 {[%mdl 2048] Black is really pushing.} 29. Kg2 $2 {[#]} (29. Qf3 {nothing else works.}) 29... Rd2 (29... Bxf2 $142 $1 {[%mdl 512]} 30. Kh1 (30. Kxf2 Rd2+) 30... Bxg3) 30. Rf1 g6 31. h4 h5 32. Qa8+ Kg7 33. Qf3 Bd4 34. Qc6 (34. b4 $142) 34... Qf6 {[%cal Rd2f2]} 35. Qf3 Qe5 36. Qc6 $1 Bc5 37. Qf3 $1 Qd4 38. Kg1 Rb2 39. Kg2 Rd2 40. Kg1 $1 Qe5 41. Kg2 $1 {Accuracy: White = 69%, Black = 65%.} 1/2-1/2

[Event "Silkway Cup"]
[Site "T#646345FIDE"]
[Date "2020.05.28"]
[Round "13"]
[White "Durarbeyli Vasif"]
[Black "NIKiler"]
[Result "1-0"]
[WhiteElo "2678"]
[BlackElo "1851"]
[Annotator "TA"]
[PlyCount "97"]
[EventDate "2020.05.28"]
[EventType "swiss (blitz)"]

{[%evp 10,97,25,25,25,18,35,22,34,25,31,18,25,16,14,4,29,34,55,52,58,53,60,53,54,56,77,53,47,33,39,34,38,35,89,63,84,79,77,51,45,37,37,41,31,31,11,9,47,-17,0,-2,0,-6,28,0,33,43,48,46,92,75,66,43,43,47,54,43,43,46,401,322,402,402,402,402,404,413,513,-59,-59,-59,-62,-62,-82,-95,29977,29979,29982,29983]} 1. e4 c6 2. Nc3 d5 3. Nf3 dxe4 4. Nxe4 Nf6 5. Qe2 Nxe4 6. Qxe4 Qd5 {B11: Caro-Kann: Two Knights Variation.} 7. Qf4 Qe6+ {[#]} 8. Qe3 $146 ({Predecessor:} 8. Be2 Qd6 9. Qe3 Bf5 10. O-O e6 11. Nd4 Bg6 12. b3 Nd7 13. Bb2 Be7 14. f4 {0-1 (30) Ermitsch,M (1750)-Usov,A (1919) Bratislava 2019}) 8... g6 {The position is equal.} 9. d4 Bg7 10. c3 O-O 11. Be2 Qxe3 12. Bxe3 Bg4 13. h3 Bxf3 14. Bxf3 e6 15. h4 Nd7 16. h5 a5 17. O-O-O a4 18. Rh3 Nb6 19. Rdh1 Nd5 20. Bd2 b5 21. Kc2 a3 (21... Rfd8 $14) 22. b3 Rfe8 23. hxg6 hxg6 24. Be4 Rac8 25. b4 e5 26. dxe5 Rxe5 27. Bd3 c5 28. bxc5 Rxc5 29. Kb3 (29. Rb1 $1 $14) 29... Re7 {[%cal Rg7c3]} 30. Rc1 Rec7 {[%cal Rg7c3]} 31. Bf1 b4 {[%cal Rb4c3]} 32. c4 Nc3 33. Re1 {Black must now prevent Re8+.} Rc8 34. Rhe3 Kh7 35. Re7 ({And not} 35. Kxb4 R5c7 $17) 35... Rf5 36. f3 Rd8 $1 {[%cal Rd8d2]} 37. Bc1 Nb1 38. Kc2 $36 {[%mdl 2048] White is pushing.} Nc3 39. Bd3 Rxd3 $4 {[%mdl 8192]} (39... Ra5 $1 $14) 40. Kxd3 Nxa2 41. Rh1+ Rh5 42. Rxh5+ gxh5 $18 {[%mdl 4096] Endgame [#] KRB-KBN} 43. Bd2 $1 b3 44. Ra7 $2 (44. Rxf7 $18 Kg8 45. Ra7) 44... Bf8 $15 {aiming for ...Nb4+.} 45. Rxf7+ Kg8 46. Rb7 Nb4+ $1 47. Rxb4 ({Don't blunder} 47. Bxb4 $2 Bxb4 48. Rxb4 a2 $19) 47... Bxb4 $4 {[%mdl 8192] [#]} (47... a2 $17 48. Bc3 Bxb4) 48. Bxb4 a2 49. Bc3 {Accuracy: White = 83%, Black = 73%.} 1-0